000 00719nam a2200241Ia 4500
003 OSt
005 20220930070004.0
006 a|||||r|||| 00| 0
007 ta
008 220926b |||||||| |||| 00| 0 eng d
024 _a6361
037 _cTheses
040 _aCRL
_cCRL
_beng
041 _2eng
_aeng
100 _aRavinder Kumar
110 _aUniversity of Delhi. Faculty of Mathematical Sciences. Department of Mathematics
245 0 _aStudy of multiplication rings and their generalizations
260 _c1971
650 _aMATHEMATICS
700 _aUniversity of Delhi. Faculty of Mathematical Sciences. Department of Mathematics
942 _cDIS
_2CC
999 _c860283
_d860283